| 000 | 00563nam a22002057a 4500 | ||
|---|---|---|---|
| 003 | OSt | ||
| 005 | 20140310181930.0 | ||
| 008 | 130722t xxu||||| |||| 00| 0 eng d | ||
| 020 | _a1561890537 | ||
| 050 |
_aLC 3993.9 _b.T443 1998 |
||
| 082 |
_aTRE 372.4 _bT34 1998 |
||
| 245 | _aThinking skills Gr. 3 / | ||
| 260 |
_aU.S.A : _bMc-Graw-Hills Children's Publishing, _cc1998. |
||
| 300 |
_a128 p. : _bcol. ill. ; _c28 cm. |
||
| 521 | _aTeachers | ||
| 541 | _j1 | ||
| 562 | _e1 | ||
| 650 |
_aReading _xelementary education. _92629 |
||
| 942 |
_2lcc _cBK-TR _kTR |
||
| 999 |
_c7315 _d7315 |
||